| 000 | 00503nam a22001817a 4500 | ||
|---|---|---|---|
| 003 | OSt | ||
| 005 | 20230327042621.0 | ||
| 008 | 170510b xxu||||| |||| 00| 0 eng d | ||
| 020 | _a9780199537815 | ||
| 040 |
_aMMU _beng _cMMU _dMMU |
||
| 050 | _aFIC PA3827 .A7C58 2008 | ||
| 100 | _aCollard Christopher | ||
| 245 |
_aAeschylus Oresteia/ _cChristopher Collard |
||
| 260 |
_aNew York: _bOxford University Press, _c2008 |
||
| 300 | _alxii,232 p.; | ||
| 650 | _aAeschylus Oresteia | ||
| 942 |
_2lcc _cLOAN LOAN |
||
| 999 |
_c27665 _d27664 |
||